Marki Ciągników Kupywane w 2023 - Statystyki

Ogólne statystyki
  • Ten quiz został rozwiązany 102 razy
  • Średni wynik to 9 z 15
Statystyki odpowiedzi
Sztuki Producent % Poprawnych
1794 New Holland
93%
290 Zetor
91%
1553 John Deere
89%
371 Claas
83%
715 Case
79%
318 Fendt
77%
607 Massey Ferguson
71%
473 Valtra
66%
1183 Kubota
64%
916 Deutz Fahr
63%
324 Steyr
33%
191 Arbos
31%
126 Lovol
19%
402 Farmtrac
17%
339 Solis
6%
Nie znaleziono quizów pasujących do podanych kryteriów
Rozkład punktacji
Procent ludzi z każdym wynikiem
Percentyl według liczby udzielonych odpowiedzi
Twoja historia wyników
Nie rozwiązałeś tego quizu